000 00458nmm a2200157Ia 4500
008 251105s9999||||xx |||||||||||||||||und||
020 _a9789569544569
041 _aspa
100 _aLe Vieux Coq
245 0 _aDiecisiete sílabas para huasco
264 _a[Santiago de Chile, Chile] :
_bEditorial Segismundo,
_c2017
300 _a58 páginas
650 _aLatin American poetry
856 _uhttps://public.digitaliapublishing.com/a/50481
942 _cCF
999 _c94782
_d94782